书目信息 |
| 题名: |
海商法
|
|
| 作者: | 张丽英 主编 | |
| 分册: | ||
| 出版信息: | 北京 中国政法大学出版社 1998.02 |
|
| 页数: | 402页 | |
| 开本: | 32开 | |
| 丛书名: | ||
| 单 册: | ||
| 中图分类: | D996.19 | |
| 科图分类: | ||
| 主题词: | 国际法 | |
| 电子资源: | ||
| ISBN: | 7-5620-1622-4 | |
| 000 | 00534nam0 2200193 45 | |
| 001 | 0010241062 | |
| 005 | 20001024102032.4 | |
| 010 | @a7-5620-1622-4@d15.00元 | |
| 100 | @a20001024d1998 km y0chiy0120 ea | |
| 101 | 0 | @achi |
| 105 | @a z 000yy | |
| 200 | 1 | @a海商法@AHai Shang Fa@f张丽英主编@FZhang Li Ying Zhu Bian |
| 210 | @a北京@c中国政法大学出版社@d1998.02 | |
| 215 | @a402页@d32开 | |
| 606 | 0 | @a国际法 |
| 690 | @aD996.19@v3 | |
| 701 | 0 | @a张丽英@4主编 |
| 801 | @aCN@bPftUser@c20001024 | |
| 905 | @b185702-706@dD996.19@eZH917@f5 | |
| 海商法/张丽英主编.-北京:中国政法大学出版社,1998.02 |
| 402页;32开 |
| ISBN 7-5620-1622-4:15.00元 |
| ● |
| 相关链接 |
|
|
|
正题名:海商法
索取号:D996.19/ZH917
 
预约/预借
| 序号 | 登录号 | 条形码 | 馆藏地/架位号 | 状态 | 备注 |
| 1 | 185702 | 201857026 | 社科库509/509社科库 110排2列6层/ [索取号:D996.19/ZH917] | 在馆 | |
| 2 | 185703 | 201857035 | 社科库509/509社科库 110排2列6层/ [索取号:D996.19/ZH917] | 在馆 | |
| 3 | 185704 | 201857044 | 社科库509/509社科库 110排2列6层/ [索取号:D996.19/ZH917] | 在馆 | |
| 4 | 185705 | 201857053 | 社科库509/509社科库 110排2列6层/ [索取号:D996.19/ZH917] | 在馆 | |
| 5 | 185706 | 201857062 | 社科库509/509社科库 110排2列6层/ [索取号:D996.19/ZH917] | 在馆 |